Normal view
MARC view
Entry Topical Term
001 - CONTROL NUMBER
- control field: 17419
003 - CONTROL NUMBER IDENTIFIER
- control field: BD-RjUL
005 - DATE AND TIME OF LATEST TRANSACTION
- control field: 20251201123740.0
008 - FIXED-LENGTH DATA ELEMENTS
- fixed length control field: 251201|| aca||aabn | a|a d
040 ## - CATALOGING SOURCE
- Original cataloging agency: BD-RjUL
- Transcribing agency: BD-RjUL
150 ## - HEADING--TOPICAL TERM
- Topical term or geographic name entry element: Latin poetry Translations into English
670 ## - SOURCE DATA FOUND
- Source citation: Work cat.: (BD-RjUL)86009: Catullus, Gaius Valerius 17417, Catulluss tibullus and pervigilium veneris / , 1913, [revised and reprinted 1950]